LEADER 01226nam--2200373---450- 001 990003529150203316 005 20110516110927.0 010 $a978-88-598-0223-5 035 $a000352915 035 $aUSA01000352915 035 $a(ALEPH)000352915USA01 035 $a000352915 100 $a20110516d2011----km-y0itay50------ba 101 $aita 102 $aIT 105 $a||||||||001yy 200 1 $aCodice dei contratti pubblici$ecommento al nuovo Regolamento di attuazione ed esecuzione del Codice dei contratti pubblici$eD.P.R. 5 ottobre 2010, n. 207$fa cura di Domenico Crocco 210 $aTorino$cUtet$d2011 215 $aXVIII, 504 p.$d25 cm 606 0 $aContratti di diritto pubblico$xLegislazione 676 $a344.4506 702 1$aCROCCO,$bDomenico 710 02$aITALIA$0423419 801 0$aIT$bsalbc$gISBD 912 $a990003529150203316 951 $aXXIV.3.H. 219$b70719 G.$cXXIV.3.H.$d00296449 959 $aBK 969 $aGIU 979 $aCHIARA$b90$c20110516$lUSA01$h1045 979 $aCHIARA$b90$c20110516$lUSA01$h1046 979 $aCHIARA$b90$c20110516$lUSA01$h1047 979 $aCHIARA$b90$c20110516$lUSA01$h1109 996 $aCodice dei contratti pubblici$91024582 997 $aUNISA LEADER 01047cam a22002891i 4500 001 991002020129707536 008 130412s1960 nyua 000 0 eng d 020 $a0486207137 035 $ab14108112-39ule_inst 040 $aDip.to Matematica e Fisica - Sez. Matematica$beng 082 0 $a793.9 084 $aAMS 00A 084 $aLC LB1542.M8 100 1 $aMurray, William D.$021873 245 10$aPaper folding for beginners /$cby William D. Murray and Francis J. Rigney 260 $aNew York :$bDover,$cc1960 300 $a94 p. :$bill. ;$c22 cm 500 $a"Formerly titled: Fun with paper folding." 500 $aEx Libris Mario Lombardo 650 0$aPaper work 700 1 $aRigney, Francis J. 907 $a.b14108112$b03-03-14$c12-04-13 912 $a991002020129707536 945 $aLE013 Fondo Lombardo 00A MUR11 (1960)$g1$i2013000220512$lle013$og$pE5.00$q-$rn$so $t1$u0$v0$w0$x0$y.i15534923$z26-09-13 996 $aPaper folding for beginners$9264728 997 $aUNISALENTO 998 $ale013$b12-04-13$cm$da $e-$feng$gnyu$h0$i0 LEADER 01367nam 2200373I 450 001 9910702569403321 005 20141203164247.0 035 $a(CKB)5470000002428483 035 $a(OCoLC)897386963 035 $a(EXLCZ)995470000002428483 100 $a20141203j201403 ua 0 101 0 $aeng 135 $aurmn||||||||| 181 $2rdacontent 182 $2rdamedia 183 $2rdacarrier 200 10$aEstimating the wind resource in Uttarakhand $ecomparison of dynamic downscaling with doppler lidar wind measurements /$fJ.K. Lundquist [and three others] 210 1$aGolden, CO :$cNational Renewable Energy Laboratory,$dMarch 2014. 215 $a1 online resource (vi, 31 pages) $cillustrations (chiefly color), color maps 225 1 $aNREL/TP ;$v5000-61103 300 $aTitle from title screen (viewed Nov 10, 2014). 300 $a"Technical report." 320 $aIncludes bibliographical references (pages 30-31). 517 $aEstimating the wind resource in Uttarakhand 606 $aWind power plants$zIndia$zUttarakhand 615 0$aWind power plants 700 $aLundquist$b Julie K.$01406685 712 02$aNational Renewable Energy Laboratory (U.S.), 801 0$bGPO 801 1$bGPO 906 $aBOOK 912 $a9910702569403321 996 $aEstimating the wind resource in Uttarakhand$93500434 997 $aUNINA